Contra el solidarismo se ha pronunciado mayoritariamente el movimiento sindical en Centroamérica... /

Tallennettuna:
Bibliografiset tiedot
Päätekijä: Brown Young, Gilberth
Aineistotyyppi: Teksti
Aiheet:
Tagit: Lisää tagi
Ei tageja, Lisää ensimmäinen tagi!

MARC

LEADER 00000 a a2200000 04500
001 5549
003
040
100 |a Brown Young, Gilberth  
245 |a Contra el solidarismo se ha pronunciado mayoritariamente el movimiento sindical en Centroamérica... /  |c Gilberth Brown Young 
650 |a SINDICALISMO  
650 |a COSTA RICA  
773 |g número 112; páginas 28-29  
999 |c 27882  |d 27882